Industrial Pharmaceutical Biotechnology (Record no. 632)

MARC details
000 -LEADER
fixed length control field 00942cam a22003137a 4500
001 - CONTROL NUMBER
control field 12760199
003 - CONTROL NUMBER IDENTIFIER
control field OSt
005 - DATE AND TIME OF LATEST TRANSACTION
control field 20161111193326.0
008 - FIXED-LENGTH DATA ELEMENTS--GENERAL INFORMATION
fixed length control field 020430s2002 enka b 001 0 eng
010 ## - LIBRARY OF CONGRESS CONTROL NUMBER
LC control number 2002280606
015 ## - NATIONAL BIBLIOGRAPHY NUMBER
National bibliography number GBA1-Z9189
020 ## - INTERNATIONAL STANDARD BOOK NUMBER
International Standard Book Number 3527299955
035 ## - SYSTEM CONTROL NUMBER
System control number (OCoLC)ocm45592276
040 ## - CATALOGING SOURCE
Original cataloging agency UKM
Transcribing agency UKM
Modifying agency DLC
042 ## - AUTHENTICATION CODE
Authentication code lccopycat
050 00 - LIBRARY OF CONGRESS CALL NUMBER
Classification number RS380
Item number .K549 2002
072 #7 - SUBJECT CATEGORY CODE
Subject category code TP
Source lcco
082 00 - DEWEY DECIMAL CLASSIFICATION NUMBER
Classification number QV 744 K672i 2002
Edition number 21
100 1# - MAIN ENTRY--PERSONAL NAME
Personal name Klefenz, Heinrich.
9 (RLIN) 1657
245 10 - TITLE STATEMENT
Title Industrial Pharmaceutical Biotechnology
260 ## - PUBLICATION, DISTRIBUTION, ETC. (IMPRINT)
Place of publication, distribution, etc. Weinheim :
Name of publisher, distributor, etc. Wiley-VCH,
Date of publication, distribution, etc. c2002.
300 ## - PHYSICAL DESCRIPTION
Extent ix, 307 p. :
Other physical details ill. ;
Dimensions 25 cm.
504 ## - BIBLIOGRAPHY, ETC. NOTE
Bibliography, etc Includes bibliographical references
650 #0 - SUBJECT ADDED ENTRY--TOPICAL TERM
Topical term or geographic name as entry element Pharmaceuticals
9 (RLIN) 1658
650 #0 - SUBJECT ADDED ENTRY--TOPICAL TERM
Topical term or geographic name as entry element Biotechnology
9 (RLIN) 8978
856 42 - ELECTRONIC LOCATION AND ACCESS
Materials specified Publisher description
Uniform Resource Identifier http://www.loc.gov/catdir/description/wiley035/2002280606.html
906 ## - LOCAL DATA ELEMENT F, LDF (RLIN)
a 7
b cbc
c copycat
d 2
e ncip
f 20
g y-gencatlg
942 ## - ADDED ENTRY ELEMENTS (KOHA)
Source of classification or shelving scheme Other/Generic Classification Scheme
Koha item type Short Loan
Holdings
Withdrawn status Lost status Source of classification or shelving scheme Damaged status Not for loan Home library Current library Date acquired Source of acquisition Inventory number Total Checkouts Full call number Barcode Date last seen Koha item type
    Other/Generic Classification Scheme     MUST Main Library MUST Main Library 30/10/2014   07/29224   QV 744 K672i 2002 2014-3185 30/10/2014 Short Loan
    Other/Generic Classification Scheme     MUST Main Library MUST Main Library 26/05/2016   08/29722   QV 744 K672i 2002 2016-2147 26/05/2016 Open Shelf